书目信息 |
| 题名: |
美丽童话
|
|
| 作者: | 格斯特 , 哈特 , 贝尔格拉夫 原著 ;纪飞 , 刘乃亚 编译 | |
| 分册: | 春 | |
| 出版信息: | 北京 清华大学出版社 2007.07 |
|
| 页数: | 210页 | |
| 开本: | 26cm | |
| 丛书名: | ||
| 单 册: | ||
| 中图分类: | H319.4 | |
| 科图分类: | ||
| 主题词: | 英语--ying yu--语言读物 , 文学--wen xue--作品--世界--选集 , 童话--tong hua--欧洲--选集 | |
| 电子资源: | ||
| ISBN: | 978-7-302-15208-8 | |
| 000 | 01144nam0 2200301 450 | |
| 005 | 20080927162916.21 | |
| 010 | @a978-7-302-15208-8@dCNY22.00 | |
| 100 | @a20050701d2007 ekmy0chiy0121 ea | |
| 101 | 1 | @aeng@achi |
| 102 | @aCN@b110000 | |
| 105 | @ay z 000yy | |
| 200 | 1 | @a美丽童话@Amei li tong hua@i春@d= The fairy tale from world famous legend : Spring@e中文导读英文版@f(英) 格斯特, 贝尔格拉夫, 哈特等原著@g纪飞, 刘乃亚等编译@zeng |
| 210 | @a北京@c清华大学出版社@d2007.07 | |
| 215 | @a210页@c图@d26cm | |
| 330 | @a本书的主要内容有:神鹰苏尔、鲜花骑士、无须与红头发、岛上暴君、里尔的孩子、乌鸦与布谷鸟、勇士迈克尔、胜利者的奖励、信物等。 | |
| 510 | 1 | @aThe fairy tale from world famous legend@iSpring@zeng |
| 606 | 0 | @a英语@Aying yu@j语言读物 |
| 606 | 0 | @a文学@Awen xue@x作品@y世界@j选集 |
| 606 | 0 | @a童话@Atong hua@y欧洲@j选集 |
| 690 | @aH319.4@v4 | |
| 701 | 0 | @a格斯特@Age si te@4原著 |
| 701 | 0 | @a哈特@Aha te@4原著 |
| 701 | 0 | @a贝尔格拉夫@Abei er ge la fu@4原著 |
| 702 | 0 | @a纪飞@Aji fei@4编译 |
| 702 | 0 | @a刘乃亚@Aliu nai ya@4编译 |
| 801 | 0 | @aCN@bRTZL@c20080927 |
| 905 | @aZUCC@dH319.4@eG280 | |
| 999 | @aCYP | |
| 美丽童话.春= The fairy tale from world famous legend : Spring:中文导读英文版/(英) 格斯特, 贝尔格拉夫, 哈特等原著/纪飞, 刘乃亚等编译.-北京:清华大学出版社,2007.07 |
| 210页:图;26cm |
| ISBN 978-7-302-15208-8:CNY22.00 |
| 本书的主要内容有:神鹰苏尔、鲜花骑士、无须与红头发、岛上暴君、里尔的孩子、乌鸦与布谷鸟、勇士迈克尔、胜利者的奖励、信物等。 |
| ● |
| 相关链接 |
|
|
|
正题名:美丽童话
索取号:H319.4/G280
 
预约/预借
| 序号 | 登录号 | 条形码 | 馆藏地/架位号 | 状态 | 备注 |
| 1 | 840249 | 208402496 | 语言库209/209语言库 15排2列3层/ [索取号:H319.4/G280] | 在馆 | |
| 2 | 840250 | 208402502 | 语言库209/209语言库 15排2列3层/ [索取号:H319.4/G280] | 在馆 | |
| 3 | 840251 | 208402511 | 语言库209/209语言库 15排2列3层/ [索取号:H319.4/G280] | 在馆 |